000
003010000a22001450004500
005
20120302065246.0
942
_c
BOOK
100
_a
Mehta, Bhavin R.
245
_a
Chanakya Neeti
260
_a
Mumbai:Rahul Publication
300
_a
61p
040
_a
Mar
365
_b
15/-
650
_a
Sankeerna
999
_c
364314
_d
364311